Gia Harvey-Slager

Texas C


Categories

Social Science05015072103.2015
History - American History03112584107.3313
Other Arts: Auditory1000157171.0011
Other Science: Math010010137137.0001
Science - Biology010010135135.0011
Science - Chemistry010110117117.0001
Chemistry>01105101101.0001
History - World History01105107107.0001
Science - Physics0010-50.0000
Ancient History and Archaeology0010-50.0000

Buzzes

Other Arts: AuditoryPuerto Rico1571
Social Scienceanxiety1072
Chemistry>column chromatography-577
History - American HistoryNicaragua1084
Social Scienceplacebo effect1088
Ancient History and Archaeologyfeces-599
Chemistry>ammonia10101
History - World HistoryGuǎngzhōu-5101
Science - Physicsinternal energy-5104
Social Sciencecognitive10105